| 000 | 00450nam a2200133Ia 4500 | ||
|---|---|---|---|
| 008 | 220217s9999 xx 000 0 und d | ||
| 100 | _aAnoop, P.C. | ||
| 245 | 0 | _aBiochemical composition of the soft bark tissues of high and low yielding clones of Hevea brasiliensis | |
| 260 |
_bBharathidasan College of Arts and Science _a Erode _c2004 |
||
| 500 | _aAvailable in Physiology | ||
| 500 | _aCourse: M.Sc. | ||
| 700 | _aDr R Krishnakumar | ||
| 942 | _cTS | ||
| 999 |
_c74401 _d74401 |
||